000 00285nam a2200109Ia 4500
008 190216s9999||||xx |||||||||||||| ||und||
100 _aMorkothu Kumaran
245 0 _aAshan Vimarshanathinde Soorya Reshmigal
260 _bCurrent Books
650 _aEssay Malayalam
942 _cBK
999 _c23763
_d23763